000 00368nam a2200145Ia 4500
008 220803s9999 xx 000 0 und d
020 _a9783869223315
041 _aeng
082 _a691 RON
100 _aRonstedt M
_924938
245 _aConstruction And Design Manual : Hotel Buildings
260 _aBerlin
_bDom Publisher
_c2014
300 _a328p
500 _aARCHI
999 _c15818
_d15818